000 04390cam a22004694i 4500
003 PE-LiUPU
005 20250731173419.0
008 150706s2007 miu r 000 0 spa d
020 _a9780825415968
035 _a(Sirsi) i9780825415968
040 _aPE-LiUPU
_bspa
_cPE-LiUPU
_erda
049 _aPRUA
082 0 4 _a251.02
_bP51n
_221
100 1 _aPhillips, John,
_d1927- ,
_eautor.
245 1 0 _a100 Bosquejos de sermones del Nuevo Testamento /
_cJohn Phillips.
264 1 _aGrand Rapids :
_bPortavoz,
_c2007.
300 _as. páginas ;
_c22 centímetros
336 _atext
_2rdacontent
337 _aunmediated
_2rdamedia
338 _avolume
_2rdacarrier
505 0 _aLos tres magos -- El bautismo de Jesús -- El sermón del monte: las bienaventuranzas -- El sermón del monte: continuación -- La oración del Señor -- El problema de Juan el Bautista -- Las parábolas misteriosas -- Los panes y los peces -- Un camafeo de la iglesia -- Los tres hombres ricos -- Señales de un hipócrita -- ¡Jerusalén! -- Él fue un poco más allá -- El hombre que crucificó a Cristo -- La anunciación -- La virgen María -- El niño Jesús -- La mujer que amó mucho -- El rico insensato -- Excusas -- Dos hijos perdidos -- El infierno es real -- El pollino -- La parábola de las diez minas -- El hombre crucificado con Cristo -- El lugar llamado "de la Calavera" -- El Verbo hecho carne -- Os es necesario nacer de nuevo -- Una lección de obediencia -- El texto de todo el mundo -- Lamujer en el pozo -- Nueva vida en Cristo -- Cena en Betania -- Jesús es el camino -- ¿Qué debo hacer con Jesús? -- Un llamado a la consagración -- Evangelismo mundial -- La iglesia en transición -- Cuénteme la historia de Jesús -- La iglesia primitiva en acción -- El juicio y el martirio de Esteban -- La conversión de Saulo de Tarso -- Títulos del Hijo de Dios -- Mucho más -- El gran viaje: fase 1 -- El gran viaje: fase 2 -- Santificación -- La vieja naturaleza del creyente -- Libres de la ley -- El evangelio y el judío -- Cristo vive -- La esencia del evangelio -- El tribunal de Cristo -- Los puntos de vista misioneros de Pablo -- Señales de niñez espiritual -- La resurrección del creyente -- Las últimas cuatro cosas -- Una vida transformada -- Una nueva criatura -- El modo de dar de los pobres -- Aunque era rico -- Pablo en prisión -- El poder del pensamiento positivo -- El poder de una acción de gracias perpetua -- Orar por otros cristianos -- La naturaleza divina de Cristo -- El evangelio y las sectas -- Las falsas enseñanzas desenmascaradas -- Una cuerda triple -- El hombre viejo y el nuevo -- El hogar cristiano -- El hombre de negocios cristiano -- El vecino cristiano -- La llegada de la gran apostasía -- Una máxima de fe -- Las cartas de Pablo a las iglesias -- Un comentario sobre la esclavitud -- Tu trono, oh Señor -- La gran ofrenda de Cristo -- Cristo nuestro sacerdote -- Las señales del nuevo nacimiento -- Tal como Él es, somos nosotros en este mundo -- Vida cristiana -- La gran bendición -- Cristo revelado -- Las siete iglesias -- He aquí, yo estoy a la puerta y llamo -- El tribunal celestial -- La primera bestia -- El gran trono blanco -- El trato que Dios da a los hombres -- La obra del Espíritu Santo -- Los nombres y la naturaleza del Espíritu Santo -- La unción del Espíritu -- El Espíritu Santo y el mundo -- Las tres dimensiones de la oración -- La época de la crisis -- Este hombre -- Cómo nombra Jesús a su pueblo -- La doctrina de la salvación.
526 _aSEG42
526 _aSEG41
526 _aSEG40
526 _aSEG39
526 _aP94
526 _aP87
526 _aP86
526 _aP85
526 _aP77
526 _aP76
526 _aP35
541 _g001-0000583;
630 _aBiblia.
_pN.T.
_xSermones.
630 _aBiblia.
_pN.T.
_xHomilética.
910 _agl
_cjck
_d20120608
942 _2ddc
_cBOOK
949 _a251.02 P51N
_wDEWEY
_c1
_i64904
_lCCODEBUL1
_mBUL
_p12.00
_r0
_sY
_tBOOK
_u2015-7-6
_xTEOLOGIA
_PP35
_o.STAFF. Colección Teología
994 _aC0
_bPEPRU
596 _a1
999 _a251.02 P51N
_wDEWEY
_c53613
_i64904
_d53613
_e2018-5-24
_f2021-11-10
_g5
_lCCODEBUL1
_mBUL
_n9
_p12.00
_q6
_r0
_sY
_tBOOK
_u2015-7-6
_xTEOLOGIA
_PP35
_0COMPRA
_o.STAFF. Colección Teología
980 _81
_gALBERTO SANCHEZ Responsable de Automatización